000 00464nam a2200181Ia 4500
003 OSt
005 20250809095240.0
008 250729s2006 xx 000 0 und d
040 _cAL
041 _aeng
082 _a640 KUMT
100 _aKrishna M Gopala
_9221141
245 _aTechniues of teaching physical education
260 _aNew Delhi
_bOrbis Books Sonali Publication
_c2006
300 _a191p
650 _aHome science
_9221142
942 _2ddc
_cBED
999 _c234872
_d234872